000 00609nam a2200229Ia 4500
003 OSt
005 20220923230313.0
006 a|||||r|||| 00| 0
007 ta
008 Pun
024 _a279,252
037 _cTextual
040 _aARTS
_cARTS
_bPun
041 _2Pun
_aPun
082 _aO153,1NBHx, M4
100 _aਸਿੰਘ, ਭਗਵੰਤ
245 0 _aਮੇਰਾ ਦਰਦ ਤਰਨੁੱਮ ਤੇਰਾ
260 _c1984
650 _aਪੰਜਾਬੀ ਸਾਹਿਤ
942 _hO153,1NBHx, M4
_cTEXL
_2CC
999 _c383795
_d383795